Tatsachenfeststellung in der Revisionsinstanz
| Corporate Author: | |
|---|---|
| Contributors: | |
| Format: | Print Book |
| Language: | German |
| Published: |
Frankfurt am Main
Metzner
1982
|
| In: |
Arbeiten zur Rechtsvergleichung (112)
Year: 1982 |
| Online Access: |
Table of Contents Table of Contents |
| Check availability: | HBZ Gateway |
| Subito Delivery Service: | Order now. |
| Keywords: |
MARC
| LEADER | 00000cam a2200000 c 4500 | ||
|---|---|---|---|
| 001 | 042001269 | ||
| 003 | DE-627 | ||
| 005 | 20260206204825.0 | ||
| 007 | tu | ||
| 008 | 950731s1982 gw ||||| 00| ||ger c | ||
| 015 | |a 82,N16,0081 |2 dnb | ||
| 015 | |a 82,A37,0354 |2 dnb | ||
| 016 | 7 | |a 820448516 |2 DE-101 | |
| 020 | |a 3787502122 |9 3-7875-0212-2 | ||
| 035 | |a (DE-627)042001269 | ||
| 035 | |a (DE-603)028225554 | ||
| 035 | |a (DE-576)008731950 | ||
| 035 | |a (DE-599)GBV042001269 | ||
| 035 | |a (OCoLC)08713848 | ||
| 035 | |a (DE-604)8000341584 | ||
| 040 | |a DE-627 |b ger |c DE-627 |e rakwb | ||
| 041 | |a ger | ||
| 044 | |c XA-DE | ||
| 082 | 0 | |a 344.3075 | |
| 082 | 0 | |a 347.43/05 | |
| 082 | 0 | |a 347.4305 |a 344.3075 |q LoC |2 DDC19oclc | |
| 084 | |a 19 |2 sdnb | ||
| 084 | |a 2 |2 ssgn | ||
| 084 | |a PU 2992 |2 rvk |0 (DE-625)rvk/140493: | ||
| 084 | |a PU 1550 |2 rvk |0 (DE-625)rvk/139929: | ||
| 084 | |a 86.15 |2 bkl | ||
| 084 | |a 86.36 |2 bkl | ||
| 084 | |a 86.10 |2 bkl | ||
| 245 | 0 | 0 | |a Tatsachenfeststellung in der Revisionsinstanz |c mit Beitr. von Peter Schlosser ... |
| 264 | 1 | |a Frankfurt am Main |b Metzner |c 1982 | |
| 300 | |a 161 S. | ||
| 336 | |a Text |b txt |2 rdacontent | ||
| 337 | |a ohne Hilfsmittel zu benutzen |b n |2 rdamedia | ||
| 338 | |a Band |b nc |2 rdacarrier | ||
| 490 | 1 | |a Arbeiten zur Rechtsvergleichung |v 112 | |
| 650 | 0 | 7 | |0 (DE-588)4116635-8 |0 (DE-627)105805289 |0 (DE-576)209503211 |a Strafverfahrensrecht |2 gnd |
| 650 | 0 | 7 | |0 (DE-588)4135179-4 |0 (DE-627)105667013 |0 (DE-576)209658606 |a Tatsachenfeststellung |2 gnd |
| 650 | 0 | 7 | |0 (DE-588)4115712-6 |0 (DE-627)104262664 |0 (DE-576)209495464 |a Rechtsvergleich |2 gnd |
| 650 | 0 | 7 | |0 (DE-588)4177935-6 |0 (DE-627)105345067 |0 (DE-576)209981210 |a Revisionsgericht |2 gnd |
| 650 | 0 | 7 | |0 (DE-588)4049673-9 |0 (DE-627)106186124 |0 (DE-576)209083026 |a Revision |2 gnd |
| 650 | 4 | |a sbb-nsyk-rec | |
| 650 | 4 | |a Tatsachenfeststellung <Prozessrecht> | |
| 650 | 4 | |a Revision <jurist.> | |
| 651 | 7 | |0 (DE-588)4018145-5 |0 (DE-627)106327232 |0 (DE-576)208922857 |a Frankreich |2 gnd | |
| 651 | 7 | |0 (DE-588)4011889-7 |0 (DE-627)104732423 |0 (DE-576)208896201 |a Deutschland |g Bundesrepublik |2 gnd | |
| 651 | 4 | |a Frankreich | |
| 655 | 7 | |a Konferenzschrift |0 (DE-588)1071861417 |0 (DE-627)826484824 |0 (DE-576)433375485 |2 gnd-content | |
| 655 | 7 | |a Aufsatzsammlung |0 (DE-588)4143413-4 |0 (DE-627)105605727 |0 (DE-576)209726091 |2 gnd-content | |
| 655 | 7 | |a Konferenzschrift |y 1980 |z Paris |0 (DE-588)1071861417 |0 (DE-627)826484824 |0 (DE-576)433375485 |2 gnd-content | |
| 689 | 0 | 0 | |d g |0 (DE-588)4018145-5 |0 (DE-627)106327232 |0 (DE-576)208922857 |a Frankreich |2 gnd |
| 689 | 0 | 1 | |d s |0 (DE-588)4177935-6 |0 (DE-627)105345067 |0 (DE-576)209981210 |a Revisionsgericht |2 gnd |
| 689 | 0 | 2 | |d s |0 (DE-588)4135179-4 |0 (DE-627)105667013 |0 (DE-576)209658606 |a Tatsachenfeststellung |2 gnd |
| 689 | 0 | |5 (DE-627) | |
| 689 | 1 | 0 | |d g |0 (DE-588)4011889-7 |0 (DE-627)104732423 |0 (DE-576)208896201 |a Deutschland |g Bundesrepublik |2 gnd |
| 689 | 1 | |5 (DE-627) | |
| 689 | 2 | 0 | |d s |0 (DE-588)4049673-9 |0 (DE-627)106186124 |0 (DE-576)209083026 |a Revision |2 gnd |
| 689 | 2 | 1 | |d s |0 (DE-588)4115712-6 |0 (DE-627)104262664 |0 (DE-576)209495464 |a Rechtsvergleich |2 gnd |
| 689 | 2 | |5 (DE-627) | |
| 700 | 1 | |a Schlosser, Peter |d 1935- |e Mitarb. |0 (DE-588)123129613 |0 (DE-627)082364354 |0 (DE-576)162922477 |4 oth | |
| 711 | 2 | |a Deutsch-Französisches Juristentreffen |n 4 |d 1980 |c Paris |0 (DE-588)10141700-7 |0 (DE-627)516093819 |0 (DE-576)255261284 |4 oth | |
| 830 | 0 | |a Arbeiten zur Rechtsvergleichung |v 112 |9 112 |w (DE-627)130441368 |w (DE-576)015953130 |w (DE-600)704002-7 |x 0066-5703 |7 am | |
| 856 | 4 | 2 | |u https://swbplus.bsz-bw.de/bsz008731950inh.htm |m B:DE-576;DE-B212 |q application/pdf |v 20130411173702 |x Verlag |3 Inhaltsverzeichnis |7 1 |
| 856 | 4 | 2 | |u http://scans.hebis.de/HEBCGI/show.pl?02822555_toc.pdf |m V:DE-576;B:DE-B212 |q application/pdf |3 Inhaltsverzeichnis |7 1 |
| 889 | |w (DE-627)024291005 | ||
| 935 | |i Blocktest | ||
| 935 | |h HEB |i 0501 | ||
| 935 | |h HEB |i 0503 | ||
| 936 | r | v | |a PU 2992 |b Gerichtsverfassung, Verfahrensrecht, Schiedsgerichtsbarkeit, Vollstreckungsrecht, Freiwillige Gerichtsbarkeit, Notariat |k Rechtswissenschaft |k Ausländisches Privatrecht, Privatrechtsvergleichung und -vereinheitlichung |k Einzelne Länder |k Frankreich |k Gerichtsverfassung, Verfahrensrecht, Schiedsgerichtsbarkeit, Vollstreckungsrecht, Freiwillige Gerichtsbarkeit, Notariat |0 (DE-627)1271440245 |0 (DE-625)rvk/140493: |0 (DE-576)201440245 |
| 936 | r | v | |a PU 1550 |b Gerichtsverfassung, Zivilverfahren, Rechtspflege |k Rechtswissenschaft |k Ausländisches Privatrecht, Privatrechtsvergleichung und -vereinheitlichung |k Allgemeines |k Gerichtsverfassung, Zivilverfahren, Rechtspflege |0 (DE-627)1271362651 |0 (DE-625)rvk/139929: |0 (DE-576)201362651 |
| 936 | b | k | |a 86.15 |j Allgemeines Prozessrecht |j Zivilprozess |0 (DE-627)106422510 |
| 936 | b | k | |a 86.36 |j Strafprozessrecht |0 (DE-627)106413570 |
| 936 | b | k | |a 86.10 |j Recht einzelner Länder, Gebiete und Völker |0 (DE-627)106422499 |
| 936 | s | n | |a p100 |2 mzub |
| 951 | |a BO | ||
| ELC | |b 1 | ||
| LOK | |0 000 xxxxxcx a22 zn 4500 | ||
| LOK | |0 001 3174545277 | ||
| LOK | |0 003 DE-627 | ||
| LOK | |0 004 042001269 | ||
| LOK | |0 005 20140617095849 | ||
| LOK | |0 008 140617||||||||||||||||ger||||||| | ||
| LOK | |0 040 |a DE-21-110 |c DE-627 |d DE-21-110 | ||
| LOK | |0 689 |a s |a Revision | ||
| LOK | |0 852 |z Kein Bestand am IfK; Nachweis für KrimDok | ||
| LOK | |0 852 |a DE-21-110 | ||
| LOK | |0 852 1 |m v |9 00 | ||
| LOK | |0 935 |a k110 | ||
| LOK | |0 938 |k v | ||
| LOK | |0 939 |a 17-06-14 |b l01 | ||
| ORI | |a SA-MARC-krimdoka001.raw | ||
| TIM | |a 100019490523_100019901002 |b 1949-05-23 - 1990-10-02 | ||
